000 01159cam a2200313 i 4500
001 15722563
003 EG-ScBUE
005 20250514084511.0
008 210217s2022 nyua f b 001 0 eng d
020 _a9781982140113
040 _aNhCcYBP
_beng
_erda
_cNhCcYBP
_dEG-ScBUE
082 0 4 _222
_a158
_bPRI
100 1 _aPrice, Devon,
_eauthor.
245 1 0 _aLaziness does not exist :
_ba defense of the exhausted, exploited, and overworked /
_cDr. Devon Price.
250 _aFirst Atria Books hardcover edition.
264 1 _aNew York, NY :
_bAtria Books, an imprint of Simon & Schuster, Inc.,
_c2022.
300 _a246 pages ;
_c20 cm
336 _atext
_btxt
_2rdacontent
337 _acomputer
_bc
_2rdamedia
338 _aonline resource
_bcr
_2rdacarrier
504 _aIncludes bibliographical references and index.
650 7 _aLaziness.
_2BUEsh
650 7 _aWork-life balance.
_2BUEsh
650 7 _aStress management.
_2BUEsh
653 _cMay2025
_bHHUUPPSS
655 _vReading book
856 4 0 _yOnline book
_uhttps://yale.idm.oclc.org/login?URL=https://ebookcentral.proquest.com/lib/yale-ebooks/detail.action?docID=6421468
942 _2ddc
_cBB
999 _c30983
_d30954